书目信息 |
| 题名: |
植物免疫学
|
|
| 作者: | ;北京农业大学 编著 | |
| 分册: | ||
| 出版信息: | 北京 农业出版社 1961 |
|
| 页数: | 116页 | |
| 开本: | 26cm | |
| 丛书名: | ||
| 单 册: | ||
| 中图分类: | S432.2 | |
| 科图分类: | ||
| 主题词: | 植物学--免疫学--高等学校--教材 | |
| 电子资源: | ||
| ISBN: | 16144.1124 | |
| 000 | 00713cam0 2200241 450 | |
| 001 | 0105478391 | |
| 005 | 20071203092843.0 | |
| 010 | @a16144.1124@dCNY0.75 | |
| 091 | @a16144.1124@dCNY0.75 | |
| 100 | @a19960312d1961 em y0chiy0110 ea | |
| 101 | 0 | @achi |
| 102 | @aCN@b110000 | |
| 105 | @af z 000yy | |
| 106 | @ar | |
| 200 | 1 | @a植物免疫学@9Zhi Wu Mian Yi Xue @f北京农业大学编著@b专著 |
| 210 | @a北京@c农业出版社@d1961 | |
| 215 | @a116页@c图表@d26cm | |
| 300 | @a高等农业院校试用教材 植物保护专业用 | |
| 606 | 0 | @a植物学@x免疫学@x高等学校@x教材 |
| 690 | @aS432.2@v3 | |
| 711 | 02 | @a北京农业大学@9bei jing nong ye da xue@4编著 |
| 801 | 0 | @aCN@b上海图书馆@c19970403 |
| 905 | @aBZT@dS432.2@e3@f2@sS432.2/3 | |
| 植物免疫学/北京农业大学编著.-北京:农业出版社,1961 |
| 116页:图表;26cm |
| 高等农业院校试用教材 植物保护专业用 |
| ISBN 16144.1124:CNY0.75 |
| ● |
| 相关链接 |
|
|
|
正题名:植物免疫学
索取号:S432.2/3
 
预约/预借
| 序号 | 登录号 | 条形码 | 馆藏地/架位号 | 状态 | 备注 |
| 1 | 2000115582 | 2000115582 | 旧书回溯/ [索取号:S432.2/3] | 在馆 | |
| 2 | 2000115583 | 2000115583 | 旧书回溯/ [索取号:S432.2/3] | 在馆 |